000
00291nam a22001217a 4500
082
_a
200
_b
DEH/W
100
_a
DEHOFF, GEORGE W
245
_a
WHY WE BELIEVE THE BIBLE
260
_a
UNITED STATES
_b
DEHOFF PUBLICATIONS
_c
1944
300
_a
119
650
_a
RELIGIOUS
_z
UNITED STATES
942
_c
BK
999
_c
5230
_d
5230